Heavy Is The Crown - Linkin Park - All Lyrics - Statistics

General Stats
  • This quiz has been taken 207 times
  • The average score is 200 of 291
Answer Stats
Answer % Correct
I
100%
the
98%
the,
98%
crown
97%
heavy
97%
Heavy
97%
is
97%
You
95%
you
95%
This
92%
this
92%
what
91%
for,
89%
for
89%
in,
89%
in
89%
asked
85%
it
85%
to
85%
down
77%
fire
77%
Fire
77%
ashes
74%
Try
72%
Hold
69%
hold
69%
sunrise,
69%
be
68%
but
68%
on
68%
out
67%
rainin'
65%
It's
63%
it's
63%
keeps
63%
I'm
59%
no
59%
bleedin'
57%
of
57%
know
54%
one
54%
pourin'
54%
not,
53%
your
53%
day
52%
One
52%
again
51%
floor
51%
gonna
51%
we
51%
so
50%
tired
50%
'Cause
49%
joke
49%
when
49%
notice
48%
explainin'
47%
that
47%
and
46%
you're
46%
You're
46%
then
44%
at
41%
how
41%
low
41%
can't
40%
door
39%
Today's
39%
ends
37%
high
37%
inside
37%
inside,
37%
knock
37%
story
37%
begins
36%
war
36%
won't
36%
Say
34%
win
34%
both
33%
catch
33%
don't
33%
flag's
33%
list
33%
already
32%
feelin'
32%
now
32%
ten
32%
Turn
32%
white
32%
become
31%
Tryin'
31%
all
30%
show
30%
Back
29%
back
29%
if
29%
miss
29%
run,
29%
Aimin'
28%
cold
28%
laid
28%
look
28%
resist
28%
sayin'
27%
like
26%
Outnumbered,
26%
hope
24%
swingin'
24%
turnin'
24%
there's
23%
bit
22%
fallin'
22%
once
22%
want
22%
begun
21%
pen
20%
tongue
20%
Watch
20%
should've
18%
sword
18%
apart
16%
Wavin'
16%
path
15%
No matching quizzes found
Score Distribution
Percent of People with Each Score
Percentile by Number Answered
Your Score History
You have not taken this quiz